01108nam a2200193Ia 4500001001100000003001000011008004100021040002500062041001300087100002500100245003300125250001200158260006600170300001200236500026600248501011400514520026600628650002000894L301-23217IT-CnALBA170116s9999||||xx |||||||||||||| ||und|| aIT-CnALBAcIT-CnALBA aITALIANO aDE DOMINICIS SAVERIO 0aPRINCIPI DI MORALE SOCIALE.  a10a ed. aTORINObPARAVIA G.B. & C. STAMP. REALE c1914 [1° Ed.: n.d.] a282 p.  aUOMO E SOCIETÀ. MORALE DELL'INDIVIDUO. PERSONA SOCIALE. MORALE FAMILIARE. NAZIONE. UMANITÀ. STATO. LIBERTÀ SOCIALE: DIRITTO PERSONALE, MATRIMONIALE PATRIMONIALE, DOMESTICO, SUCCESSIONI. LAVORO E PREVIDENZA. COMMERCIO DIRITTO CIVILE. COSTITUZIONE DEI DIRIT aSocietà San Paolo EM - Piazza San Paolo, 14 - 12051 ALBA (CN) (non commercial uses only) ® Copyright 2017 aUOMO E SOCIETÀ. MORALE DELL'INDIVIDUO. PERSONA SOCIALE. MORALE FAMILIARE. NAZIONE. UMANITÀ. STATO. LIBERTÀ SOCIALE: DIRITTO PERSONALE, MATRIMONIALE PATRIMONIALE, DOMESTICO, SUCCESSIONI. LAVORO E PREVIDENZA. COMMERCIO DIRITTO CIVILE. COSTITUZIONE DEI DIRIT aSCIENZE SOCIALI